000 00665nam a2200241Ia 4500
001 Z_5487
003 CHAP
008 220113s2005 xx 000 0 und d
010 _a168571
040 _cCHAP
090 _aTesis Z 1999
100 _aZaragoza Ramírez, José Luis
_9123684
245 _aAn evaluation of stocker production systems based on Marshall ryegrass /
_cJose L.Zaragoza Ramirez
260 _aAuburn, Alabama :
_bThe author,
_c2005
300 _a125 h.
502 _aTesis (Degree of Doctor of Philosophy) -- University of Auburn
901 _aTESIS Z 1999
902 _aA
910 _a2005
942 _c2
942 _c2
999 _c168571
_d168571